00309nam a2200121Ia 4500008004100000040001800041041001200059082002100071100000900092245006600101260000900167300001100176230917s9999||||xx |||||||||||||| ||und|| e5002193aMAIN aEnglish a658.421082 R518C aRitu 0aChallenges and prospects of women entrepreneurship in Haryana c2021 a235 p.